Online Catalogue and eLibrary

Sudu : (Record no. 4957)

MARC details
000 -LEADER
fixed length control field 00488nam a2200169Ia 4500
005 - DATE AND TIME OF LATEST TRANSACTION
control field 20240530071027.0
008 - FIXED-LENGTH DATA ELEMENTS--GENERAL INFORMATION
fixed length control field 240331s9999 xx 000 0 und d
020 ## - INTERNATIONAL STANDARD BOOK NUMBER
ISBN 9555800695
082 ## - DDC Classification
Item Number - Author Mark KAR
Class No. 341
100 ## - MAIN ENTRY--PERSONAL NAME
Personal name Karunaratatna , Favero Rossana
245 #0 - TITLE STATEMENT
Title Sudu :
Remainder of title a reflection on the legal status of foreign spouses in Sri Lanka
260 ## - PUBLICATION, DISTRIBUTION, ETC.
Place of publication, distribution, etc. Colombo
Name of publisher, distributor, etc. International Centre for Ethnic Studies
Date of publication, distribution, etc. 2002
300 ## - PHYSICAL DESCRIPTION
Extent (e.g. Volumes, Pages etc.) 60 p .,
650 ## - SUBJECT ADDED ENTRY--TOPICAL TERM
Topical term or geographic name entry element Women's Rights
650 ## - SUBJECT ADDED ENTRY--TOPICAL TERM
Topical term or geographic name entry element Laws
942 ## - Koha item type (Biblio)
Koha item type Books in Stacks (Lending)
Holdings
Lost status Damaged status Collection code Home library Current library Shelving location Date acquired Full call number Accession Number Item type
    Lending WERC Library WERC Library Social Science Cupboard 03/31/2024 341 KAR 6569 Books in Stacks (Lending)

© WERC Library